000 00812nam a2200241 a 4500
001 63382
003 BD-RjUL
005 20211209081206.0
008 721107s1973 njua b 001 0 eng
020 _a0137340796
035 _a(BD-RjUL)63511
040 _aLC
_beng
_cLC
_dSUSA
_dBD-RjUL
041 _aeng
082 1 4 _223
_a796.01
_bCRP 1973
100 1 _aCratty, Bryant J.
_q(Bryant Jackson)
_9188602
245 1 0 _aPsychology in contemporary sport :
_bguide-lines for coaches and athletes /
_cBryant J. Cratty.
260 _aEnglewood Cliffs, N.J. :
_bPrentice-Hall,
_cc1973.
300 _axv, 304 p. :
_bill. ;
_c24 cm.
504 _aIncludes bibliographies and index.
650 0 _aCoaching (Athletics)
_xPsychological aspects.
_9188603
650 0 _aSports
_xPsychological aspects.
_9188604
942 _2ddc
_cBK
999 _c63382
_d63382